Who's older? Random famous people. - Statistics

General Stats
  • This quiz has been taken 57 times
  • The average score is 6 of 12
Answer Stats
Question Answer % Correct
Alexandria Ocasio-Cortez or Macaulay Culkin?
83%
Stephen King or Neil Degrasse Tyson?
75%
Billie Eilish or Greta Thunberg?
71%
Malala Yousafzai or Brittney Griner?
54%
Al Pacino or George Takei?
50%
Mark Zuckerberg or Aziz Ansari?
50%
Jimmy Carter or David Attenborough?
46%
Gordon Ramsay or Conan O'Brien?
42%
Kim Jong Un or Volodymyr Zelenskyy?
42%
LeBron James or Zoey Deschanel?
38%
MIA or Lily Allen?
33%
Narendra Modi or Meryl Streep?
29%
No matching quizzes found
Score Distribution
Percent of People with Each Score
Percentile by Number Answered
Your Score History
You have not taken this quiz